000
00282nam a2200121Ia 4500
008
140130s9999 xx 000 0 und d
245
_c
Henkes, Kevin
_a
The zebra wall
260
_b
Scholastic,
_c
1988
440
_v
1
521
_a
Grade 4 - Grade 7
942
_c
BK
999
_c
41169
_d
41169